Исследование зубообрабатывающих станков и инструментов и процессов резания: Межвузовский научный сборник

Dades bibliogràfiques
Autor corporatiu: Саратовский политехнический институт
Idioma:rus
Publicat: Саратов, Изд-во Саратовского политех. ин-та, 1992
Matèries:
Format: Llibre
KOHA link:https://koha.lib.tpu.ru/cgi-bin/koha/opac-detail.pl?biblionumber=32424

MARC

LEADER 00000nam0a2200000 4500
001 32424
005 20231030204851.0
010 |a 523007227X 
035 |a (RuTPU)RU\TPU\book\32721 
035 |a BOOK00000071 
090 |a 32424 
100 |a 20011210d1992 k y0rusy50 ca 
101 0 |a rus 
102 |a RU 
105 |a a 000|y 
200 1 |a Исследование зубообрабатывающих станков и инструментов и процессов резания  |e Межвузовский научный сборник  |f Сарат. политех. ин-т 
210 |a Саратов  |c Изд-во Саратовского политех. ин-та  |d 1992 
215 |a 78 с.  |c ил. 
320 |a Библиогр. в конце статей 
610 1 |a металлообрабатывающая промышленность 
610 1 |a металлорежущие инструменты 
610 1 |a зубообработка 
610 1 |a станки 
610 1 |a инструменты 
610 1 |a резание 
675 |a 621.9.06:621.833  |v 3 
712 0 2 |a Саратовский политехнический институт 
801 0 |a RU  |b 63413507  |c 20011210  |g PSBO 
801 2 |a RU  |b 63413507  |c 20170113  |g RCR 
942 |c BK